000 00519pab a2200181 454500
008 180718b2006 xxu||||| |||| 00| 0 eng d
100 _aAlexandrova, Anastassia
245 _aWhat can be learned from introducing settlement typology into urban poverty analysis: the case of the Tomsk region, Russia
260 _c2006
300 _ap.1177-189.
362 _aJun
650 _aPoverty
700 _aKuznetsova, Polina
700 _aHamilton, Ellen L.
773 _aUrban Studies
908 _aN
909 _a75001
999 _c75001
_d75001